EU Member States - Statistics

General Stats
  • This quiz has been taken 769 times
    637 since last reset
  • The average score is 23 of 27
Answers on the Map
Answers color-coded by a green-red scale on the quiz's map according to % correct below.
 
Answer Stats
Country Joined % Correct
France Founder
98%
Spain 1986
97%
Germany Founder
96%
Italy Founder
96%
Ireland 1973
94%
Portugal 1986
94%
Sweden 1995
94%
Belgium Founder
92%
Finland 1995
92%
Austria 1995
91%
Greece 1981
91%
Netherlands Founder
91%
Poland 2004
91%
Luxembourg Founder
88%
Denmark 1973
86%
Estonia 2004
86%
Czech Republic 2004
85%
Croatia 2013
84%
Hungary 2004
84%
Latvia 2004
83%
Lithuania 2004
82%
Romania 2007
82%
Slovakia 2004
81%
Slovenia 2004
80%
Bulgaria 2007
77%
Cyprus 2004
71%
Malta 2004
55%
No matching quizzes found
Score Distribution
Percent of People with Each Score
Percentile by Number Answered
Your Score History
You have not taken this quiz since the last reset